[Event "Vers La Maitrise"]
[Site "Montreal CAN"]
[Date "1997.01.30"]
[Round "3"]
[White "Hebert, Jean"]
[Black "Fillion, Steve"]
[Result "1-0"]
[WhiteElo "2465"]
[BlackElo "2155"]
[PlyCount "51"]
[GameId "2160767911999452"]
[EventDate "1997.01.16"]
[EventType "swiss"]
[EventRounds "6"]
[EventCountry "CAN"]

1. d4 d5 2. c4 c6 3. Nc3 Nf6 4. Nf3 dxc4 5. a4 Na6 6. e4 Bg4 7. Bxc4 e6 8. Be3 Be7 9. h3 Bh5 10. Bxa6 bxa6 11. Qd3 Bxf3 12. gxf3 a5 13. Qc4 Qd7 14. Rg1 g6 15. Rg5 Rb8 16. Nd1 Nh5 17. Re5 Bd6 18. Rc1 c5 19. Rxc5 Bxc5 20. Qxc5 Qxa4 21. Rc4 Qd7 22. Bh6 Rb4 23. Qc8+ Ke7 24. Qxh8 Rxc4 25. Qf8+ Kf6 26. e5+ 1-0

[Event "Vers La Maitrise"]
[Site "Montreal CAN"]
[Date "1997.02.06"]
[Round "4"]
[White "Rouleau, Paul"]
[Black "Hebert, Jean"]
[Result "0-1"]
[WhiteElo "1860"]
[BlackElo "2465"]
[PlyCount "54"]
[GameId "2160767911999467"]
[EventDate "1997.01.16"]
[EventType "swiss"]
[EventRounds "6"]
[EventCountry "CAN"]

1. e4 e6 2. d4 d5 3. exd5 exd5 4. Nf3 Bd6 5. Bd3 Ne7 6. O-O Bg4 7. Re1 Nbc6 8. c3 Qd7 9. Nbd2 O-O-O 10. b4 Ng6 11. Qb3 Nf4 12. Bf1 Qf5 13. b5 Na5 14. Qa4 b6 15. Ne5 Rhe8 16. Nb3 Bxe5 17. Bxf4 Bxf4 18. Nxa5 Rxe1 19. Rxe1 Bxh2+ 20. Kxh2 Qxf2 21. Nc6 Qxe1 22. Qxa7 Re8 23. Na5 Qxf1 24. Qa8+ Kd7 25. Qc6+ Ke7 26. Qxc7+ Kf8 27. Nc6 Qxb5 0-1

[Event "Vers La Maitrise"]
[Site "Montreal CAN"]
[Date "1997.02.13"]
[Round "5"]
[White "Hebert, Jean"]
[Black "Lacroix, Serge"]
[Result "1-0"]
[WhiteElo "2465"]
[BlackElo "1835"]
[PlyCount "67"]
[GameId "2160767911999475"]
[EventDate "1997.01.16"]
[EventType "swiss"]
[EventRounds "6"]
[EventCountry "CAN"]

1. d4 Nf6 2. c4 e6 3. Nc3 Bb4 4. Qc2 O-O 5. a3 Bxc3+ 6. Qxc3 Ne4 7. Qc2 f5 8. g3 b6 9. Bg2 Bb7 10. Nf3 Qc8 11. O-O d6 12. b4 Nd7 13. Bb2 Ndf6 14. Ne1 a5 15. b5 c5 16. f3 Ng5 17. Nd3 Qc7 18. dxc5 bxc5 19. Nf4 e5 20. Qxf5 Nfe4 21. Qg4 exf4 22. fxe4 Nxe4 23. Bxe4 Bxe4 24. Qe6+ Qf7 25. Qxe4 Rae8 26. Qxf4 Qh5 27. Qxd6 Qxe2 28. Qd5+ Kh8 29. Qe5 Qg4 30. Rae1 Rxf1+ 31. Rxf1 Rd8 32. Qxc5 h5 33. Rf8+ Rxf8 34. Qxf8+ 1-0

[Event "Vers La Maitrise"]
[Site "Montreal CAN"]
[Date "1997.02.20"]
[Round "6"]
[White "Hebert, Jean"]
[Black "Girard, Robin"]
[Result "1/2-1/2"]
[WhiteElo "2465"]
[BlackElo "2300"]
[PlyCount "73"]
[GameId "2160767911999482"]
[EventDate "1997.01.16"]
[EventType "swiss"]
[EventRounds "6"]
[EventCountry "CAN"]

1. d4 d5 2. c4 e6 3. Nc3 c5 4. e3 Nc6 5. Nf3 Nf6 6. a3 Ne4 7. Bd3 Nxc3 8. bxc3 dxc4 9. Bxc4 Be7 10. O-O O-O 11. e4 b6 12. Bb2 Bb7 13. Qe2 Na5 14. Bb5 a6 15. Bd3 b5 16. a4 Nb3 17. Ra2 Qa5 18. Bc2 c4 19. Ne5 Rad8 20. f4 Qb6 21. Kh1 f6 22. Ng4 b4 23. d5 bxc3 24. Bxc3 exd5 25. exd5 Bb4 26. Qxc4 Bxc3 27. Qxc3 Nc5 28. Ne3 Bxd5 29. Rb2 Qc6 30. a5 Na4 31. Qxc6 Bxc6 32. Rb4 Rfe8 33. Nf5 Nc3 34. Nd4 Bd5 35. f5 Nb5 36. Nxb5 axb5 37. Bb3 1/2-1/2

[Event "Festival gourmands"]
[Site "Asbestos CAN"]
[Date "1996.08.24"]
[Round "3"]
[White "Hebert, Jean"]
[Black "Lacroix, Serge"]
[Result "1-0"]
[WhiteElo "2476"]
[BlackElo "1884"]
[PlyCount "63"]
[GameId "2160767912024743"]
[EventDate "1996.08.23"]
[EventType "swiss"]
[EventRounds "5"]
[EventCountry "CAN"]
[SourceTitle "Lacroix"]

1. Nf3 Nf6 2. c4 e6 3. Nc3 d5 4. d4 c5 5. e3 Nc6 6. a3 b6 7. cxd5 exd5 8. Bb5 Bd7 9. dxc5 Bxc5 10. Nxd5 a6 11. Bc4 b5 12. Ba2 Ne4 13. b4 Ba7 14. Qc2 Nd6 15. Bb2 Rc8 16. Qe2 O-O 17. O-O Ne7 18. Rfd1 Nc4 19. Bxc4 Rxc4 20. Ne5 Be6 21. Nxe7+ Qxe7 22. Nxc4 bxc4 23. Bd4 Bb8 24. Bc5 Qh4 25. g3 Qg5 26. Bxf8 Kxf8 27. Qf3 Qb5 28. Qe4 g6 29. a4 Qb6 30. Qd4 Qb7 31. Qh8+ Ke7 32. Qd8# 1-0

[Event "Festival gourmands"]
[Site "Asbestos CAN"]
[Date "1996.08.25"]
[Round "5"]
[White "Hebert, Jean"]
[Black "Reeve, Jeff"]
[Result "1/2-1/2"]
[WhiteElo "2476"]
[BlackElo "2192"]
[PlyCount "51"]
[GameId "2160767912024746"]
[EventDate "1996.08.23"]
[EventType "swiss"]
[EventRounds "5"]
[EventCountry "CAN"]

1. c4 g6 2. d4 Bg7 3. e4 d6 4. Nc3 Nf6 5. Be2 O-O 6. Nf3 e5 7. O-O Nc6 8. d5 Ne7 9. b4 Nh5 10. Re1 f5 11. Ng5 Nf6 12. c5 h6 13. Ne6 Bxe6 14. dxe6 fxe4 15. cxd6 cxd6 16. b5 d5 17. Ba3 d4 18. Bc4 Rc8 19. Bxe7 Qxe7 20. Nd5 Nxd5 21. Bxd5 Rc5 22. Bb3 Rxb5 23. Rxe4 Kh8 24. Qg4 g5 25. g3 Rc5 26. Rae1 1/2-1/2

[Event "Quebec-ch active"]
[Site "Montreal CAN"]
[Date "1996.08.04"]
[Round "2"]
[White "Hebert, Jean"]
[Black "Castonguay, Rejean"]
[Result "1-0"]
[WhiteElo "2418"]
[BlackElo "2029"]
[PlyCount "75"]
[GameId "2160767912041645"]
[EventDate "1996.08.04"]
[EventType "swiss (rapid)"]
[EventRounds "5"]
[EventCountry "CAN"]

1. d4 g6 2. e4 c6 3. Nc3 d5 4. Nf3 Bg4 5. e5 e6 6. h3 Bxf3 7. Qxf3 Qb6 8. Bd2 Qxd4 9. O-O-O Qxe5 10. Re1 Qd6 11. g4 Bh6 12. g5 Bg7 13. h4 Ne7 14. Bh3 Nd7 15. Bf4 Qb4 16. Qg3 Bxc3 17. bxc3 Qc4 18. Bd6 Nf5 19. Bxf5 gxf5 20. h5 O-O-O 21. Kd2 d4 22. cxd4 Qxd4+ 23. Kc1 Nb6 24. Be5 Qd2+ 25. Kb1 Qb4+ 26. Ka1 Rhg8 27. Rb1 Qc5 28. Bb8 Nd5 29. Rb3 f4 30. Qd3 Kxb8 31. Qxh7 Qd4+ 32. c3 Nxc3 33. Qxf7 Na4+ 34. Kb1 Qe4+ 35. Ka1 Qxh1+ 36. Rb1 Qxb1+ 37. Kxb1 Rxg5 38. Qxf4+ 1-0

[Event "Quebec-ch active"]
[Site "Montreal CAN"]
[Date "1996.08.04"]
[Round "4"]
[White "Hebert, Jean"]
[Black "Spraggett, Kevin"]
[Result "1/2-1/2"]
[WhiteElo "2418"]
[BlackElo "2468"]
[PlyCount "103"]
[GameId "2160767912041649"]
[EventDate "1996.08.04"]
[EventType "swiss (rapid)"]
[EventRounds "5"]
[EventCountry "CAN"]

1. d4 Nf6 2. c4 c6 3. Nc3 d6 4. e4 Nbd7 5. Nf3 e5 6. Be2 Be7 7. O-O O-O 8. Qc2 Re8 9. Rd1 Qc7 10. Bg5 a6 11. Rac1 b6 12. h3 Bb7 13. d5 cxd5 14. cxd5 Rec8 15. Be3 Qb8 16. Nd2 Bd8 17. a4 a5 18. Qb3 Nc5 19. Qa3 Ba6 20. Bxa6 Rxa6 21. Bxc5 bxc5 22. Nb5 Ne8 23. Nc4 Qb7 24. Rc3 Qd7 25. Rdd3 f5 26. exf5 Qxf5 27. Qb3 Qd7 28. Re3 Nf6 29. Rcd3 h6 30. Rd1 Rb8 31. Qc2 Be7 32. Qg6 Bf8 33. Rg3 Qf7 34. Qf5 Nh5 35. Qxf7+ Kxf7 36. Rf3+ Nf6 37. g3 Ke7 38. Re3 Kd7 39. Kg2 Be7 40. Re2 Bf8 41. Ne3 g6 42. Nc4 h5 43. f4 exf4 44. Re6 Nxd5 45. Rxg6 Ne3+ 46. Nxe3 fxe3 47. Kf3 Re8 48. Ke2 Rc6 49. Rg5 h4 50. g4 Re4 51. Rd3 Be7 52. Rh5 1/2-1/2

[Event "Quebec-ch active"]
[Site "Montreal CAN"]
[Date "1996.08.04"]
[Round "5"]
[White "Hebert, Jean"]
[Black "Reeve, Jeff"]
[Result "1-0"]
[WhiteElo "2418"]
[BlackElo "2194"]
[PlyCount "73"]
[GameId "2160767912041651"]
[EventDate "1996.08.04"]
[EventType "swiss (rapid)"]
[EventRounds "5"]
[EventCountry "CAN"]

1. d4 Nf6 2. c4 g6 3. Nc3 Bg7 4. e4 d6 5. Be2 O-O 6. Nf3 e5 7. O-O Nc6 8. d5 Ne7 9. b4 Nh5 10. Re1 Nf4 11. Bf1 f5 12. Bxf4 exf4 13. e5 dxe5 14. Nxe5 g5 15. Qb3 Ng6 16. Nxg6 hxg6 17. Rad1 Bd7 18. c5 Be8 19. Bc4 Bf7 20. d6 cxd6 21. Rxd6 Qc7 22. Nb5 Bxc4 23. Qxc4+ Qf7 24. Qxf7+ Rxf7 25. Rxg6 a5 26. Nd6 axb4 27. Nxf7 Kxf7 28. Rb6 Ra7 29. Rd1 Bf8 30. Rd5 Be7 31. Rxf5+ Ke8 32. g3 fxg3 33. hxg3 Kd7 34. Rxb4 Kc8 35. Re4 Bd8 36. Rf8 Rxa2 37. Rd4 1-0

[Event "Quebec op"]
[Site "Montreal CAN"]
[Date "1996.07.27"]
[Round "1"]
[White "Hebert, Jean"]
[Black "Hua, Lefong"]
[Result "1-0"]
[WhiteElo "2470"]
[BlackElo "2075"]
[PlyCount "65"]
[GameId "2160767912041684"]
[EventDate "1996.07.27"]
[EventType "swiss"]
[EventRounds "9"]
[EventCountry "CAN"]

1. c4 Nf6 2. g3 g6 3. Bg2 d6 4. Nc3 Bg7 5. Rb1 c6 6. e4 e5 7. Nge2 a5 8. d3 O-O 9. O-O Na6 10. h3 Nh5 11. Kh2 f5 12. exf5 gxf5 13. f4 Qe8 14. Be3 Qg6 15. Qd2 Be6 16. b3 Kh8 17. d4 exd4 18. Bxd4 Rg8 19. Rf3 Bd7 20. Rd1 Nf6 21. Bxf6 Bxf6 22. Qxd6 Rg7 23. Re3 Rag8 24. Na4 h5 25. Nb6 Nb8 26. h4 Kh7 27. Rdd3 Qh6 28. Bh3 Qg6 29. Qc5 Na6 30. Qxa5 Bd8 31. Rxd7 Bxb6 32. Rxg7+ Rxg7 33. Qxb6 1-0

[Event "Quebec op"]
[Site "Montreal CAN"]
[Date "1996.07.28"]
[Round "2"]
[White "Gravel, Simon M"]
[Black "Hebert, Jean"]
[Result "1-0"]
[WhiteElo "2230"]
[BlackElo "2470"]
[PlyCount "113"]
[GameId "2160767912041692"]
[EventDate "1996.07.27"]
[EventType "swiss"]
[EventRounds "9"]
[EventCountry "CAN"]

1. e4 e6 2. d4 d5 3. exd5 exd5 4. Nf3 Bd6 5. c4 c6 6. Nc3 Ne7 7. cxd5 cxd5 8. Nb5 Nbc6 9. Nxd6+ Qxd6 10. Be2 O-O 11. O-O Bf5 12. Bd2 Be4 13. Bc3 f6 14. Re1 Kh8 15. Nd2 Bg6 16. a3 Nf5 17. Nf1 Rfe8 18. Qd2 Re7 19. Ng3 Nxg3 20. hxg3 a6 21. Bf1 Re4 22. Rxe4 Bxe4 23. Re1 g5 24. f3 Bg6 25. g4 Kg7 26. Kf2 Rh8 27. Be2 Qh2 28. Rg1 Nd8 29. Qd1 Re8 30. Rh1 Qd6 31. Qd2 Nf7 32. Bd1 Qb6 33. Ba5 Qc6 34. Bb3 Qb5 35. Ba2 Rc8 36. Bc3 Nd6 37. Re1 Re8 38. Rxe8 Bxe8 39. Qe3 Bf7 40. Qe7 Nc8 41. Qd8 Nb6 42. Bb4 Nd7 43. Bb1 Be6 44. Qe7+ Kg8 45. Bf5 Bxf5 46. gxf5 Qc6 47. Kg3 Qc7+ 48. Bd6 Qc8 49. Kg4 Nb6 50. Qxf6 Nc4 51. Qxg5+ Kf7 52. Qe7+ Kg8 53. Kg5 Nxd6 54. Qxd6 Qc1+ 55. f4 Qxb2 56. Qxd5+ Kf8 57. f6 1-0

[Event "Quebec op"]
[Site "Montreal CAN"]
[Date "1996.07.28"]
[Round "3"]
[White "Hebert, Jean"]
[Black "Moisan-Plante, Marc-Olivier"]
[Result "1-0"]
[WhiteElo "2470"]
[BlackElo "2105"]
[PlyCount "59"]
[GameId "2160767912041704"]
[EventDate "1996.07.27"]
[EventType "swiss"]
[EventRounds "9"]
[EventCountry "CAN"]

1. e4 e5 2. Nf3 d6 3. d4 exd4 4. Nxd4 g6 5. Nc3 Bg7 6. Be2 Nc6 7. Be3 Nf6 8. Qd2 O-O 9. O-O Re8 10. Nxc6 bxc6 11. Bf3 Rb8 12. b3 d5 13. Rad1 Bg4 14. Bxg4 Nxg4 15. Bxa7 Qd6 16. f4 Ra8 17. e5 Qb4 18. Bd4 c5 19. Bf2 c6 20. Na4 Bf8 21. h3 Nxf2 22. Qxf2 c4 23. Kh1 Rad8 24. f5 cxb3 25. axb3 c5 26. fxg6 fxg6 27. Qf7+ Kh8 28. Rxd5 Bg7 29. Rxd8 Rxd8 30. e6 1-0

[Event "Quebec op"]
[Site "Montreal CAN"]
[Date "1996.07.29"]
[Round "4"]
[White "Moussa, Alaa Eddine"]
[Black "Hebert, Jean"]
[Result "0-1"]
[WhiteElo "2165"]
[BlackElo "2470"]
[PlyCount "80"]
[GameId "2160767912041720"]
[EventDate "1996.07.27"]
[EventType "swiss"]
[EventRounds "9"]
[EventCountry "CAN"]

1. d4 Nf6 2. c4 e6 3. Nf3 Bb4+ 4. Bd2 Qe7 5. g3 Nc6 6. Bg2 Bxd2+ 7. Nbxd2 d6 8. O-O O-O 9. e4 e5 10. d5 Nb8 11. b4 a5 12. bxa5 Rxa5 13. Nb3 Ra8 14. Ne1 c6 15. dxc6 bxc6 16. Nc2 c5 17. Ne3 g6 18. Re1 Bb7 19. Qd2 Rd8 20. Nd5 Bxd5 21. exd5 Ra4 22. Qc3 Qa7 23. Re2 Nbd7 24. Rb2 Ra3 25. Qc2 Rb8 26. Nc1 Rxb2 27. Qxb2 Ra4 28. Qc2 Qa6 29. Bf1 e4 30. Rb1 Ne5 31. Rb8+ Kg7 32. Qb1 Nf3+ 33. Kg2 Nd2 34. Qb5 Qxb5 35. cxb5 Nxd5 36. b6 Rb4 37. b7 Nxf1 38. Kxf1 Nf6 39. Kg2 Nd7 40. Re8 d5 0-1

[Event "Quebec op"]
[Site "Montreal CAN"]
[Date "1996.07.30"]
[Round "5"]
[White "Hebert, Jean"]
[Black "Desjardins, Andre"]
[Result "1-0"]
[WhiteElo "2470"]
[BlackElo "1940"]
[PlyCount "81"]
[GameId "2160767912041727"]
[EventDate "1996.07.27"]
[EventType "swiss"]
[EventRounds "9"]
[EventCountry "CAN"]

1. Nf3 Nf6 2. c4 g6 3. Nc3 Bg7 4. e4 d6 5. d4 O-O 6. Be2 e5 7. O-O Nc6 8. d5 Ne7 9. b4 Ne8 10. c5 h6 11. Nd2 f5 12. f3 Rf7 13. Nc4 f4 14. a4 g5 15. Ba3 Ng6 16. b5 Bf8 17. b6 cxb6 18. cxd6 Nxd6 19. Nxd6 Bxd6 20. Bxd6 Qxd6 21. Nb5 Qd8 22. d6 Rh7 23. Rc1 a6 24. Nc7 Rb8 25. Qb3+ Kh8 26. Qxb6 Bd7 27. a5 h5 28. Nd5 Bc6 29. Rfd1 Bxd5 30. Rxd5 Qxb6+ 31. axb6 Rd7 32. Rc7 Rbd8 33. Bxa6 Rxd6 34. Bxb7 Nf8 35. Bc6 Ne6 36. Rxd6 Rxd6 37. b7 Rd1+ 38. Kf2 Rd2+ 39. Ke1 Rb2 40. Rc8+ Kg7 41. b8=Q 1-0

[Event "Quebec op"]
[Site "Montreal CAN"]
[Date "1996.08.01"]
[Round "7"]
[White "Hebert, Jean"]
[Black "Levtchouk, George"]
[Result "1-0"]
[WhiteElo "2470"]
[BlackElo "2325"]
[PlyCount "85"]
[GameId "2160767912041744"]
[EventDate "1996.07.27"]
[EventType "swiss"]
[EventRounds "9"]
[EventCountry "CAN"]

1. d4 g6 2. e4 Bg7 3. c4 d6 4. Nc3 Nf6 5. Be2 O-O 6. Nf3 e5 7. O-O Nc6 8. d5 Ne7 9. b4 Nh5 10. Re1 a5 11. bxa5 Rxa5 12. Nd2 Nf4 13. Bf1 c5 14. Nb3 Ra6 15. a4 f5 16. g3 Nh5 17. exf5 Nxf5 18. Ne4 h6 19. Bg2 Nf6 20. Bb2 b6 21. Bc3 Nxe4 22. Bxe4 Bd7 23. Nd2 Qe8 24. Qb1 Qf7 25. Rf1 Rd8 26. Bc2 g5 27. Ne4 Rf8 28. Qd1 g4 29. Qd3 Qg6 30. f4 exf4 31. Rxf4 Raa8 32. Raf1 Bxa4 33. Bxa4 Rxa4 34. Bxg7 Kxg7 35. Nxd6 Qxd6 36. Rxg4+ Kh8 37. Rxf5 Ra7 38. Rg6 Ra1+ 39. Kg2 Ra2+ 40. Kh3 Qd7 41. Rxh6+ Kg7 42. Re6 Rh8+ 43. Kg4 1-0

[Event "Quebec op"]
[Site "Montreal CAN"]
[Date "1996.08.02"]
[Round "8"]
[White "Vera, Reynaldo"]
[Black "Hebert, Jean"]
[Result "1/2-1/2"]
[WhiteElo "2495"]
[BlackElo "2470"]
[PlyCount "74"]
[GameId "2160767912041756"]
[EventDate "1996.07.27"]
[EventType "swiss"]
[EventRounds "9"]
[EventCountry "CAN"]

1. d4 Nf6 2. c4 g6 3. Nc3 Bg7 4. e4 d6 5. Be2 O-O 6. Nf3 e5 7. O-O Nc6 8. d5 Ne7 9. b4 a5 10. bxa5 Rxa5 11. Nd2 c5 12. Qc2 Ra6 13. Nb3 Ne8 14. f4 f5 15. fxe5 Bxe5 16. Bf4 Bf6 17. Bh6 Rf7 18. Rae1 Be5 19. Bf4 Bxf4 20. Rxf4 Nf6 21. Ref1 g5 22. R4f2 f4 23. e5 Bf5 24. Bd3 Ng4 25. e6 Rf8 26. Re2 Bxd3 27. Qxd3 Ng6 28. Qe4 Qe7 29. Nb5 Ne3 30. Rc1 Nf5 31. Rd1 b6 32. a3 Ra4 33. Nd2 Raa8 34. Rf1 Ne3 35. Rf3 Nf5 36. Re1 Nfh4 37. Rf2 Nf5 1/2-1/2

[Event "Quebec op"]
[Site "Montreal CAN"]
[Date "1996.08.03"]
[Round "9"]
[White "Hebert, Jean"]
[Black "Wojtkiewicz, Aleksander"]
[Result "1/2-1/2"]
[WhiteElo "2470"]
[BlackElo "2550"]
[PlyCount "29"]
[GameId "2160767912041760"]
[EventDate "1996.07.27"]
[EventType "swiss"]
[EventRounds "9"]
[EventCountry "CAN"]

1. e4 c5 2. Nf3 d6 3. c3 Nf6 4. Bd3 Bg4 5. Bc2 e6 6. d3 Nc6 7. h3 Bh5 8. Nbd2 d5 9. Qe2 Be7 10. Nf1 Qc7 11. Ng3 Bg6 12. Bg5 Rd8 13. O-O-O h6 14. Bd2 b5 15. Rhe1 1/2-1/2

[Event "Quebec-ch"]
[Site "Montreal CAN"]
[Date "1996.06.03"]
[Round "1"]
[White "Schleifer, Michael"]
[Black "Hebert, Jean"]
[Result "1/2-1/2"]
[WhiteElo "2270"]
[BlackElo "2435"]
[PlyCount "135"]
[GameId "2160767912050163"]
[EventDate "1996.06.03"]
[EventType "tourn"]
[EventRounds "9"]
[EventCountry "CAN"]
[EventCategory "3"]

1. d4 Nf6 2. c4 e6 3. Nc3 Bb4 4. e3 c5 5. Bd3 Nc6 6. Nge2 d5 7. cxd5 Nxd5 8. O-O cxd4 9. exd4 O-O 10. Bc2 Re8 11. Qd3 g6 12. a3 Bf8 13. Bb3 Nxc3 14. bxc3 Na5 15. Ba2 b6 16. Rd1 Bb7 17. c4 e5 18. d5 Ba6 19. Nc3 Nb7 20. Be3 Rc8 21. Nb5 e4 22. Qe2 Bxb5 23. cxb5 Bd6 24. a4 Nc5 25. Bxc5 Rxc5 26. g3 Qc7 27. Qe1 f5 28. Rac1 Rc8 29. Rxc5 Qxc5 30. Bb3 Kg7 31. Kg2 Qc3 32. Rb1 Kf6 33. Qe2 h5 34. h4 Qd4 35. Rd1 Qb4 36. Rb1 Rc3 37. Bc2 Qc5 38. Rb2 Qxd5 39. Qd1 Qxd1 40. Bxd1 Bc5 41. Rd2 Ra3 42. Rb2 Rd3 43. Be2 Ra3 44. Bd1 Bd4 45. Rc2 Bc3 46. Be2 Kg7 47. Bc4 Be5 48. Ra2 Rc3 49. Be2 Kf6 50. a5 bxa5 51. Rxa5 Bd4 52. Ra4 Bb6 53. Rc4 Rb3 54. Rc6+ Kg7 55. Rc2 g5 56. hxg5 Kg6 57. Rc8 Kxg5 58. Rg8+ Kf6 59. Rf8+ Ke5 60. Rh8 Rb2 61. Kf1 Kf6 62. Rxh5 Rb1+ 63. Kg2 Re1 64. Bf1 e3 65. fxe3 Rxe3 66. Rh7 Bd4 67. Rd7 Be5 68. Rd3 1/2-1/2

[Event "Quebec-ch"]
[Site "Montreal CAN"]
[Date "1996.06.04"]
[Round "2"]
[White "Hebert, Jean"]
[Black "Ross, Dave"]
[Result "1-0"]
[WhiteElo "2435"]
[BlackElo "2355"]
[PlyCount "67"]
[GameId "2160767912050166"]
[EventDate "1996.06.03"]
[EventType "tourn"]
[EventRounds "9"]
[EventCountry "CAN"]
[EventCategory "3"]

1. d4 f5 2. Nc3 Nf6 3. Bg5 e6 4. e4 fxe4 5. Nxe4 Be7 6. Ng3 c5 7. Bxf6 Qa5+ 8. c3 gxf6 9. Qh5+ Kd8 10. d5 b5 11. Nf3 b4 12. Be2 bxc3 13. O-O cxb2 14. Rab1 Qxa2 15. dxe6 dxe6 16. Nd2 Nc6 17. Qf3 Kc7 18. Bc4 Qa5 19. Rxb2 Rb8 20. Rxb8 Nxb8 21. Nge4 Nc6 22. Qg3+ Kd8 23. Nb3 Qb4 24. Rd1+ Nd4 25. Nxd4 cxd4 26. Rxd4+ Ke8 27. Qc7 Qb1+ 28. Bf1 Qb7 29. Rd8+ Bxd8 30. Nd6+ Kf8 31. Qxd8+ Kg7 32. Nxb7 Rxd8 33. Nxd8 a5 34. Bc4 1-0

[Event "Quebec-ch"]
[Site "Montreal CAN"]
[Date "1996.06.05"]
[Round "3"]
[White "Linskiy, Oleg"]
[Black "Hebert, Jean"]
[Result "0-1"]
[WhiteElo "2315"]
[BlackElo "2435"]
[PlyCount "110"]
[GameId "2160767912050171"]
[EventDate "1996.06.03"]
[EventType "tourn"]
[EventRounds "9"]
[EventCountry "CAN"]
[EventCategory "3"]

1. e4 e6 2. d4 d5 3. Nc3 Bb4 4. exd5 exd5 5. Bd3 Nf6 6. Nge2 O-O 7. O-O c6 8. Bg5 h6 9. Bh4 Re8 10. f3 Nbd7 11. a3 Bd6 12. Qd2 Qc7 13. Bg3 Nf8 14. Bxd6 Qxd6 15. Ng3 Bd7 16. Rae1 Rxe1 17. Rxe1 Re8 18. Rxe8 Nxe8 19. Nce2 Ng6 20. Nf5 Bxf5 21. Bxf5 Ne7 22. Bd3 b6 23. Qf4 Qxf4 24. Nxf4 Nd6 25. b3 Nef5 26. Ne2 g5 27. Kf2 Ne7 28. c4 dxc4 29. bxc4 c5 30. dxc5 bxc5 31. Nc3 Nc6 32. Na4 Ne5 33. Nxc5 Nxd3+ 34. Nxd3 Nxc4 35. a4 Kf8 36. Nb4 Ke8 37. Nc6 a5 38. Ke2 Kd7 39. Kd3 Nb2+ 40. Kc2 Kxc6 41. Kxb2 h5 42. Kc3 Kc5 43. g4 h4 44. h3 f6 45. Kd3 Kb4 46. Ke4 Kxa4 47. Kf5 Kb5 48. Kxf6 a4 49. Kxg5 a3 50. f4 a2 51. f5 a1=Q 52. f6 Kc6 53. Kg6 Kd7 54. g5 Ke6 55. f7 Qh8 0-1

[Event "Quebec-ch"]
[Site "Montreal CAN"]
[Date "1996.06.07"]
[Round "5"]
[White "Leveille, Francois"]
[Black "Hebert, Jean"]
[Result "0-1"]
[WhiteElo "2365"]
[BlackElo "2435"]
[PlyCount "162"]
[GameId "2160767912050180"]
[EventDate "1996.06.03"]
[EventType "tourn"]
[EventRounds "9"]
[EventCountry "CAN"]
[EventCategory "3"]

1. d4 Nf6 2. c4 e6 3. Nc3 Bb4 4. Bg5 h6 5. Bh4 c5 6. d5 Bxc3+ 7. bxc3 d6 8. e3 Qe7 9. Bd3 g5 10. Bg3 e5 11. Ne2 Nbd7 12. Qb1 Kd8 13. h3 Nb6 14. f3 h5 15. a4 h4 16. Bh2 Nbd7 17. a5 Kc7 18. O-O Re8 19. Qb5 Nb8 20. Rae1 Na6 21. Bc2 Nh5 22. Qb1 Bd7 23. Kh1 Rh8 24. Bf5 Bxf5 25. Qxf5 Ng7 26. Qc2 f5 27. e4 Raf8 28. exf5 Qd7 29. Nc1 Qxf5 30. Qxf5 Nxf5 31. Nd3 Nb8 32. Rf2 Nd7 33. Rb2 b6 34. Kg1 Rb8 35. Ra2 b5 36. cxb5 Rxb5 37. Nf2 Nf6 38. Ng4 Nd7 39. Nf2 Rb3 40. Ne4 Rg8 41. Ree2 Ne7 42. Reb2 Rxb2 43. Rxb2 Nxd5 44. Rd2 N7f6 45. Nxc5 Kc6 46. Nd3 Kb5 47. Nb2 Kc6 48. Nd3 Rb8 49. c4 Rb1+ 50. Kf2 Nb4 51. Nxe5+ dxe5 52. Bxe5 Nh5 53. Ke3 Re1+ 54. Kd4 Nf4 55. Bxf4 gxf4 56. Rb2 Rd1+ 57. Ke4 Kc5 58. Re2 Rd4+ 59. Kf5 Kxc4 60. Re7 a6 61. Kg4 Nd5 62. Ra7 Kb5 63. Kxh4 Kxa5 64. Rd7 Kb5 65. g4 fxg3+ 66. Kxg3 Kc6 67. Rf7 a5 68. h4 Rd1 69. Ra7 Kb6 70. Ra8 Rg1+ 71. Kf2 Rg7 72. Rb8+ Kc5 73. Ra8 Kb5 74. Rd8 Kc4 75. Ra8 Kb5 76. Rd8 Nb6 77. Rd1 a4 78. h5 Rh7 79. Rh1 Nd5 80. Kg3 a3 81. Kg4 Nf6+ 0-1

[Event "Quebec-ch"]
[Site "Montreal CAN"]
[Date "1996.06.09"]
[Round "6"]
[White "Hebert, Jean"]
[Black "Moussa, Alaa Eddine"]
[Result "1-0"]
[WhiteElo "2435"]
[BlackElo "2205"]
[PlyCount "77"]
[GameId "2160767912050186"]
[EventDate "1996.06.03"]
[EventType "tourn"]
[EventRounds "9"]
[EventCountry "CAN"]
[EventCategory "3"]

1. Nf3 Nf6 2. c4 e6 3. Nc3 c5 4. e3 Nc6 5. d4 d5 6. a3 cxd4 7. exd4 dxc4 8. Bxc4 Be7 9. O-O O-O 10. Re1 a6 11. Ba2 b5 12. Bb1 Bb7 13. Bg5 b4 14. Na4 bxa3 15. bxa3 Nd5 16. Nc5 Bc8 17. Qc2 g6 18. Bh6 Re8 19. Ba2 Na7 20. h4 Nb5 21. h5 Bf6 22. Ne4 Bh8 23. a4 Nbc7 24. hxg6 hxg6 25. Bg5 Ne7 26. Rac1 Ncd5 27. Qc5 Qd7 28. Nd6 Rf8 29. a5 Rb8 30. Ne5 Qa4 31. Qa7 Rb2 32. Bxd5 Bxe5 33. dxe5 Nxd5 34. Rxc8 Rxc8 35. Qxf7+ Kh8 36. Bf6+ Nxf6 37. Qxf6+ Kh7 38. Nxc8 Qc2 39. Ne7 1-0

[Event "Quebec-ch"]
[Site "Montreal CAN"]
[Date "1996.06.10"]
[Round "7"]
[White "Girard, Robin"]
[Black "Hebert, Jean"]
[Result "0-1"]
[WhiteElo "2262"]
[BlackElo "2435"]
[PlyCount "106"]
[GameId "2160767912050189"]
[EventDate "1996.06.03"]
[EventType "tourn"]
[EventRounds "9"]
[EventCountry "CAN"]
[EventCategory "3"]

1. e4 e6 2. d4 d5 3. Nc3 Bb4 4. e5 c5 5. a3 Bxc3+ 6. bxc3 Ne7 7. a4 Nbc6 8. Nf3 Qa5 9. Bd2 Bd7 10. Bd3 Qc7 11. O-O c4 12. Be2 f6 13. exf6 gxf6 14. Re1 O-O-O 15. Bf1 Ng6 16. g3 h5 17. h4 Rhg8 18. Bg2 Rg7 19. Bh6 Rh7 20. Qc1 Rg8 21. Bd2 Rhg7 22. Bh6 Re7 23. Kf1 Nd8 24. Re2 Nf7 25. a5 Qc6 26. Bf4 Rge8 27. Qd2 Rg8 28. Qc1 Nd6 29. Bxd6 Qxd6 30. Qh6 Reg7 31. Ree1 Qe7 32. Nd2 Rh8 33. Qe3 Qd6 34. Nf3 Re7 35. Qd2 Kb8 36. Qe3 Bc6 37. Rad1 Qc7 38. Ra1 Rhh7 39. Qd2 Be8 40. Bh3 Nf8 41. Qc1 Qd6 42. Bg2 Bg6 43. Qb2 Rhg7 44. Re2 Bf5 45. Qb4 Rd7 46. Ne1 Ng6 47. Bf3 Bh3+ 48. Ng2 Qxb4 49. cxb4 e5 50. Rd2 e4 51. Bd1 Nxh4 52. gxh4 Rxg2 53. c3 e3 0-1

[Event "Quebec-ch"]
[Site "Montreal CAN"]
[Date "1996.06.11"]
[Round "8"]
[White "O'Donnell, Tom"]
[Black "Hebert, Jean"]
[Result "1/2-1/2"]
[WhiteElo "2365"]
[BlackElo "2435"]
[PlyCount "23"]
[GameId "2160767912050196"]
[EventDate "1996.06.03"]
[EventType "tourn"]
[EventRounds "9"]
[EventCountry "CAN"]
[EventCategory "3"]

1. c4 e5 2. Nc3 Bb4 3. Nd5 Ba5 4. b4 c6 5. bxa5 cxd5 6. cxd5 Qxa5 7. e4 Nf6 8. f3 d6 9. Bb2 O-O 10. Bc3 Qd8 11. Bd3 Nbd7 12. Ne2 1/2-1/2

[Event "Quebec-ch"]
[Site "Montreal CAN"]
[Date "1996.06.12"]
[Round "9"]
[White "Hebert, Jean"]
[Black "Filion, Charles"]
[Result "1-0"]
[WhiteElo "2435"]
[BlackElo "2097"]
[PlyCount "63"]
[GameId "2160767912050200"]
[EventDate "1996.06.03"]
[EventType "tourn"]
[EventRounds "9"]
[EventCountry "CAN"]
[EventCategory "3"]

1. Nf3 Nf6 2. c4 g6 3. Nc3 Bg7 4. e4 d6 5. d4 O-O 6. Be2 Na6 7. O-O e5 8. Rb1 c6 9. Be3 exd4 10. Bxd4 Re8 11. Nd2 Nc7 12. Bf3 c5 13. Be3 Nd7 14. Be2 Ne5 15. Nb3 a6 16. Qd2 b5 17. cxb5 axb5 18. Nxb5 Ba6 19. Nc3 Bxe2 20. Qxe2 c4 21. Nc1 d5 22. Rd1 Qh4 23. f3 dxe4 24. Nxe4 Ne6 25. Qf2 Qh5 26. Ng3 Qh4 27. Nf1 Qh5 28. h3 f5 29. Ng3 Qh4 30. f4 Nf7 31. Nf1 Qh5 32. Rd5 1-0